Tony Best Revival (Musical) Quiz Stats

 Plays Quiz Updated Jun 10, 2019

Score 0/26 Timer 03:00
0 Plays Today
Year Show % Correct
2019Oklahoma
80.8%
2017Hello, Dolly!
58.1%
2015The King and I
55.8%
1997Chicago
55.7%
2009Hair
55.7%
2008South Pacific
49.4%
2018Once on This Island
46.3%
2016The Color Purple
43.3%
1998Cabaret
35.7%
2013Pippin
33.8%
1996The King and I
30.1%
2012Porgy and Bess
29.3%
1994Carousel
27.5%
Year Show % Correct
2014Hedwig and the Angry Inch
27.2%
2002Into the Woods
23%
200142nd Street
22.7%
1999Annie Get Your Gun
22.7%
2000Kiss Me, Kate
22.4%
1995Show Boat
22.4%
2007Company
22.1%
2006The Pajama Game
18.2%
2005La Cage aux Folles
18%
2004Assassins
15%
2010La Cage aux Folles
14.1%
2003Nine
14%
2011Anything Goes
12.2%

You're not logged in!

Compare scores with friends on all Sporcle quizzes.
OR
Log In

Sporcle TV

Today on Sporcle TV


Watch our educational content, quiz creation guides, and fun videos on Sporcle TV.

Show Comments

Extras

Top Quizzes Today


Score Distribution

Your Account Isn't Verified!

In order to create a playlist on Sporcle, you need to verify the email address you used during registration. Go to your Sporcle Settings to finish the process.

Report this User

Report this user for behavior that violates our Community Guidelines.

Details: